[Event "25th Open"]
[Site "Cappelle la Grande FRA"]
[Date "2009.03.02"]
[Round "3"]
[White "David,Alb"]
[Black "Akesson,R"]
[Result "1/2-1/2"]
[WhiteElo "2602"]
[BlackElo "2479"]

1.e4 c5 2.Nf3 e6 3.d4 cxd4 4.Nxd4 a6 5.Nc3 Qc7 6.Bd3 Nc6 7.Be3 Nf6 8.O-O Nxd4
9.Bxd4 Bc5 10.Be2 e5 11.Bxc5 Qxc5 12.a4 d6 13.a5 Be6 14.Bd3 O-O 15.Qd2 Rad8  1/2-1/2

[Event "25th Open"]
[Site "Cappelle la Grande FRA"]
[Date "2009.03.05"]
[Round "7"]
[White "Bacon,N"]
[Black "Simutowe,A"]
[Result "0-1"]
[WhiteElo "2220"]
[BlackElo "2485"]

1.e4 c5 2.Nf3 e6 3.d4 cxd4 4.Nxd4 a6 5.Nc3 Qc7 6.Be2 Nf6 7.a3 b5 8.O-O Bb7
9.Bf3 d6 10.Bg5 Nbd7 11.g3 Be7 12.Bg2 O-O 13.f4 Rfe8 14.Kh1 Rac8 15.Qd3 Qb6
16.Rae1 h6 17.Bh4 Rc4 18.Nb3 e5 19.Bxf6 Nxf6 20.fxe5 dxe5 21.Nd5 Qd8 22.Rd1 Nxd5
23.exd5 Bd6 24.Be4 Rf8 25.c3 Bc8 26.Nd2 Rc7 27.Bf5 Bb7 28.Be4 h5 29.c4 g6
30.cxb5 axb5 31.Qxb5 f5 32.Bg2 h4 33.Nc4 hxg3 34.Nxd6 Qxd6 35.hxg3 Ba6 36.Qa5 Bxf1
37.Rxf1 e4 38.Qe1  0-1

[Event "25th Open"]
[Site "Cappelle la Grande FRA"]
[Date "2009.03.06"]
[Round "8"]
[White "Radulski,J"]
[Black "Rombaldoni,D"]
[Result "1-0"]
[WhiteElo "2580"]
[BlackElo "2418"]

1.e4 c5 2.Nf3 e6 3.d4 cxd4 4.Nxd4 a6 5.Nc3 Qc7 6.g3 b5 7.Bg2 Bb7 8.O-O Nf6
9.Re1 b4 10.Na4 Nc6 11.c3 Nxd4 12.cxd4 d5 13.Bf4 Qa5 14.Rc1 dxe4 15.Bc7 Qb5
16.Nb6 Rd8 17.Bf1 Qa5 18.Bxd8 Kxd8 19.Nc4 Qf5 20.Qa4 Ng4 21.Qa5+ Qxa5 22.Nxa5 Bc8
23.Rxe4 Nf6 24.Re2 Bd6 25.Rec2 Kd7 26.Rc6  1-0

[Event "Gipslis Mem GM"]
[Site "Riga LAT"]
[Date "2009.03.06"]
[Round "2"]
[White "Malisauskas,V"]
[Black "Mihailovs,J"]
[Result "1-0"]
[WhiteElo "2457"]
[BlackElo "2398"]

1.e4 c5 2.Nf3 e6 3.d4 cxd4 4.Nxd4 a6 5.Nc3 Qc7 6.g3 Bb4 7.Bd2 Nf6 8.Bg2 Nc6
9.Nb3 Be7 10.a4 b6 11.f4 d6 12.g4 h6 13.h4 h5 14.g5 Ng4 15.Bf3 Nb4 16.O-O Bb7
17.a5 Rd8 18.Nb5 axb5 19.Bxb4 d5 20.Bxe7 Qxf4 21.Qd2 Qxd2 22.Nxd2 Kxe7 23.axb6 Ne3
24.Rfc1 Rd6 25.exd5 Bxd5 26.Ra7+ Rd7 27.Kf2 Nc4 28.Nxc4 bxc4 29.Rca1 Rb8
30.Rxd7+ Kxd7 31.Ra7+ Kd6 32.Bxh5 g6 33.Bd1 Rxb6 34.Rxf7 Rxb2 35.Ke3 Ke5
36.h5 gxh5 37.g6 Rb8 38.g7 Rg8 39.Bxh5 Kd6 40.Ra7 e5 41.Bg4 Rd8 42.Bf5 Bg8
43.Kf3 Bd5+ 44.Kg4 Kc5 45.Ra5+ Kc6 46.Rxd5 Kxd5 47.Bh7 Kd4 48.g8=Q Rxg8+
49.Bxg8 e4 50.Bh7 Ke3 51.Bg6  1-0

[Event "Gipslis Mem GM"]
[Site "Riga LAT"]
[Date "2009.03.07"]
[Round "3"]
[White "Gorovykh,E"]
[Black "Neiksans,A"]
[Result "0-1"]
[WhiteElo "2391"]
[BlackElo "2456"]

1.e4 c5 2.Nf3 e6 3.Nc3 a6 4.d4 cxd4 5.Nxd4 b5 6.Be3 Bb7 7.f3 Qc7 8.Qd2 Nf6
9.g4 h6 10.O-O-O Nc6 11.h4 Nxd4 12.Qxd4 Rc8 13.Qd3 d5 14.Bg2 dxe4 15.fxe4 Nxg4
16.Bb6 Ne5 17.Qd4 Bc5 18.Bxc7 Bxd4 19.Bd6 Be3+ 20.Kb1 Nc4 21.Bb4 Bc5 22.Bxc5 Rxc5
23.Rh3 Ke7 24.Rhd3 Ne5 25.Rd6 Rhc8 26.a4 R8c6 27.R6d4 bxa4 28.Rxa4 Rb6 29.Kc1 Bc6
30.Ra2 Nc4 31.Rd4 a5 32.Bf1 Ne5 33.Be2 g5 34.h5 f5 35.Kd2 f4 36.Na4 Bxa4
37.Rdxa4 Rd6+ 38.Ke1 Rxc2 39.Rxa5 f3  0-1

[Event "TCh-AUT 2nd Bundesliga West 2008-9"]
[Site "Austria AUT"]
[Date "2009.03.08"]
[Round "11"]
[White "Grabher,H"]
[Black "Pitl,G"]
[Result "1/2-1/2"]
[WhiteElo "2226"]
[BlackElo "2405"]

1.e4 c5 2.Nf3 e6 3.d4 cxd4 4.Nxd4 a6 5.Nc3 d6 6.Be3 b5 7.Bd3 Bb7 8.f4 Nf6
9.Qf3 Nbd7 10.g4 b4 11.Nce2 e5 12.Nf5 g6 13.Nfg3 h5 14.gxh5 gxh5 15.h4 Ng4
16.O-O-O Nxe3 17.Qxe3 Nf6 18.Nf5 Ng4 19.Qf3 Rc8 20.Rhg1 Qf6 21.fxe5 Nxe5
22.Qf2  1/2-1/2

[Event "TCh-BEL 2008-9"]
[Site "Belgium BEL"]
[Date "2009.03.08"]
[Round "10"]
[White "Lutz,Ch"]
[Black "Istratescu,A"]
[Result "1/2-1/2"]
[WhiteElo "2574"]
[BlackElo "2633"]

1.e4 c5 2.Nf3 e6 3.d4 cxd4 4.Nxd4 a6 5.Nc3 Nc6 6.Nxc6 bxc6 7.Bd3 d5 8.O-O Nf6
9.Qf3 Bb7 10.Bf4 Be7 11.Rad1 O-O 12.Rfe1 Re8 13.Qh3 g6 14.e5 Nd7 15.Na4 c5
16.c4 Nb6 17.Nxb6 Qxb6 18.b3 Rad8 19.Qe3 dxc4 20.Bxc4 Rd4 21.h3 Red8 22.Qc1 Qc6
23.Bf1 a5 24.Be3 Rxd1 25.Rxd1 Rd5 26.Bf4 a4 27.f3 axb3 28.axb3 Rxd1 29.Qxd1 Qd5
30.Qd3 g5 31.Bg3 Qxd3 32.Bxd3  1/2-1/2

[Event "TCh-BEL 2008-9"]
[Site "Belgium BEL"]
[Date "2009.03.08"]
[Round "10"]
[White "Saiboulatov,D"]
[Black "Lemmers,O"]
[Result "0-1"]
[WhiteElo "2360"]
[BlackElo "2388"]

1.e4 c5 2.Nf3 e6 3.Nc3 a6 4.d4 cxd4 5.Nxd4 Qc7 6.g3 Bb4 7.Ne2 Nf6 8.Bg2 Be7
9.O-O O-O 10.Nf4 Nc6 11.g4 d6 12.g5 Nd7 13.Nd3 Re8 14.f4 Bf8 15.Kh1 b5 16.f5 Nde5
17.Nf4 Bb7 18.a3 Rac8 19.g6 hxg6 20.fxe6 fxe6 21.Bh3 Nd8 22.Nxg6 Nxg6 23.Qh5 Nf7
24.Qxg6 Qe7 25.Bf4 Qf6 26.Qg3 a5 27.Bg2 b4 28.axb4 axb4 29.e5 Bxg2+ 30.Qxg2 Nxe5
31.Bxe5 Qxe5 32.Rae1 Qh5 33.Ne4 Be7 34.Re3 Rf8 35.Rg1 Rf7 36.Rg3 Qh7 37.c3 d5
38.Ng5 Bxg5 39.Rxg5 bxc3 40.bxc3 Rxc3 41.Rg6 Rcf3 42.Rxe6 Qf5 43.Rg6 Qe5
44.Qg4 R3f5 45.Ra6 d4 46.Ra8+ Rf8 47.Rxf8+ Rxf8 48.Rd1 Rf4 49.Qc8+ Kh7 50.Qh3+ Kg6
51.Qg2+ Kf6 52.Rf1 Rxf1+ 53.Qxf1+ Qf5 54.Qa1 Qf3+ 55.Kg1 Ke5 56.Qa5+ Ke4
57.Qb4 Qe3+ 58.Kg2 Qf3+ 59.Kg1 Qg4+ 60.Kf2 Qf4+ 61.Kg2 g5 62.Qe7+ Kd3 63.Qa3+ Ke2
64.Qa2+ Qd2 65.Qe6+ Kd1+ 66.Kf1 Qf4+ 67.Kg2 Qe3 68.Qg8 d3 69.Qb3+ Ke2 70.Qb2+ Qd2
71.Qe5+ Kd1+ 72.Kh3 Qf4 73.Qxg5 Qf3+ 74.Kh4 d2 75.Qe5 Kc2 76.Qc5+ Kd3 77.Qb5+ Ke3
78.Qb6+ Ke2 79.Qb2 Qf4+ 80.Kh3 Qe3+ 81.Kg4 Ke1 82.Qb4 Kf2 83.Qb2 Qe2+ 84.Kh3 Qh5+  0-1

[Event "10th EICC w"]
[Site "St Petersburg RUS"]
[Date "2009.03.08"]
[Round "1"]
[White "De Seroux,C"]
[Black "Botsari,A"]
[Result "0-1"]
[WhiteElo "1928"]
[BlackElo "2289"]

1.e4 c5 2.Nf3 e6 3.d4 cxd4 4.Nxd4 a6 5.Nc3 b5 6.Bd3 Bb7 7.O-O Qc7 8.Kh1 Nf6
9.Qe2 Nc6 10.Nxc6 Qxc6 11.f3 b4 12.Nd5 Nxd5 13.exd5 Qxd5 14.Be4 Qe5 15.Bf4 Qxf4
16.Bxb7 Rb8 17.Bxa6 h5 18.Qc4 g5 19.a3 bxa3 20.bxa3 Bg7 21.Rad1 Qxc4 22.Bxc4 d5
23.Bb3 Bc3 24.Rd3 Rc8 25.Rf2 Ke7 26.Re2 Kd6 27.Re4 d4 28.f4 Rc5 29.g3 gxf4
30.gxf4 h4 31.Kg2 Rg8+ 32.Kf2 Rg6 33.Rh3 Rh5 34.Bc4 Rhh6 35.Bb3 Rg4 36.Kf3 f5
37.Re2 Bb2 38.a4 Bc1 39.Re1 Rxf4+ 40.Ke2 Re4+ 41.Kd1 Rxe1+ 42.Kxe1 Bb2 43.Ke2 Bc3
44.Bc4 e5 45.Rf3 Rh5 46.Bf7 Rg5 47.Rh3 Ke7 48.Bd5 Rh5 49.Kd3 Kd6 50.Kc4 e4
51.Bf7 Rh8 52.Kb5 Rb8+ 53.Ka6 Kc6  0-1

[Event "10th EICC w"]
[Site "St Petersburg RUS"]
[Date "2009.03.08"]
[Round "1"]
[White "Calzetta,M"]
[Black "Ni,V"]
[Result "0-1"]
[WhiteElo "2371"]
[BlackElo "2150"]

1.e4 c5 2.Nf3 e6 3.d4 cxd4 4.Nxd4 a6 5.Nc3 Qc7 6.Bd3 Nf6 7.O-O Bc5 8.Nb3 Be7
9.a4 d6 10.a5 Nbd7 11.f4 b5 12.axb6 Qxb6+ 13.Kh1 Bb7 14.Na5 O-O 15.Qe2 Nc5
16.Be3 Nfd7 17.b4 Qxb4 18.Bd2 Qb6 19.Rfb1 Qc7 20.Nxb7 Nxb7 21.Bxa6 Nbc5 22.Bd3 Bf6
23.Rxa8 Rxa8 24.Nd1 Ra2 25.Bc3 Nxd3 26.Qxd3 Ra3 27.e5 dxe5 28.fxe5 Bxe5 29.Bxe5 Qxe5
30.Qd2 h6 31.Nf2 Nc5 32.h3 Ne4 33.Nxe4 Qxe4 34.Rb8+ Kh7 35.Rf8 Qe5 36.Kg1 Ra1+
37.Kf2 Qf5+  0-1

[Event "10th EICC w"]
[Site "St Petersburg RUS"]
[Date "2009.03.08"]
[Round "1"]
[White "Andriasian,S"]
[Black "Muzychuk,A"]
[Result "1/2-1/2"]
[WhiteElo "2262"]
[BlackElo "2540"]

1.e4 c5 2.Nf3 e6 3.d4 cxd4 4.Nxd4 a6 5.Nc3 b5 6.Bd3 Bb7 7.O-O Nc6 8.Nxc6 Bxc6
9.Qe2 Bc5 10.a4 b4 11.Nd5 Ne7 12.Nxe7 Qxe7 13.a5 Bb7 14.b3 Bd4 15.Ra4 O-O
16.Bd2 Bc5 17.Kh1 Rfb8 18.f4 Bc6 19.Ra2 Bb5 20.Rf3 Rb7 21.Rh3 g6 22.Be1 f6
23.Bh4 Qg7 24.Ra1 Rc8 25.Rd1 Rcc7 26.e5 Be7 27.Bf2 fxe5 28.fxe5 Bc5  1/2-1/2

[Event "10th EICC w"]
[Site "St Petersburg RUS"]
[Date "2009.03.09"]
[Round "2"]
[White "Martynova,A"]
[Black "Andriasian,S"]
[Result "1-0"]
[WhiteElo "1894"]
[BlackElo "2262"]

1.e4 c5 2.Nf3 e6 3.d4 cxd4 4.Nxd4 a6 5.Nc3 Qc7 6.Be2 Nc6 7.O-O Nf6 8.Bg5 Be7
9.Qd2 O-O 10.Nxc6 bxc6 11.Qf4 Bd6 12.Qh4 Be5 13.Bd3 Rb8 14.f4 Bd4+ 15.Kh1 h6
16.Bxh6 Nh7 17.e5 f5 18.exf6 Nxf6 19.Rf3 d5 20.Rg3 Rf7 21.Bg6 Re7 22.Bg5 Bb7
23.Rh3 Kf8 24.Bxf6  1-0

[Event "10th EICC w"]
[Site "St Petersburg RUS"]
[Date "2009.03.09"]
[Round "2"]
[White "Sokolova,V"]
[Black "Vasilevich,I"]
[Result "0-1"]
[WhiteElo "2084"]
[BlackElo "2340"]

1.e4 c5 2.Nf3 e6 3.d4 cxd4 4.Nxd4 a6 5.Nc3 Qc7 6.Be2 Nf6 7.f4 Bb4 8.Bd2 Bxc3
9.bxc3 Nxe4 10.c4 O-O 11.Bd3 Nxd2 12.Qxd2 d6 13.O-O Qc5 14.Kh1 Nd7 15.Nb3 Qc7
16.f5 exf5 17.Rxf5 Ne5 18.Rh5 g6 19.Rh4 f5 20.Qh6 Qg7 21.Qxg7+ Kxg7 22.Rd4 Rf6
23.Be2 f4 24.Rf1 g5 25.Nd2 Bf5 26.Ne4 Nc6 27.Nxf6 Nxd4 28.Nh5+ Kg6 29.Bd1 Bxc2  0-1

[Event "FSIMA March"]
[Site "Budapest HUN"]
[Date "2009.03.10"]
[Round "4"]
[White "Mihok,O"]
[Black "Bacso,G"]
[Result "1-0"]
[WhiteElo "2355"]
[BlackElo "2123"]

1.e4 c5 2.Nf3 e6 3.d4 cxd4 4.Nxd4 a6 5.Nc3 d6 6.Be3 Nf6 7.g4 Qc7 8.g5 Nfd7
9.f4 Nc6 10.Qe2 Nc5 11.Bg2 Bd7 12.O-O-O Nxd4 13.Bxd4 Na4 14.Nd5 exd5 15.exd5+ Kd8
16.Rhe1 Kc8 17.Rd3 b6 18.b3 Nc5 19.Rc3 Kb7 20.b4 Re8 21.Qd2 Rxe1+ 22.Qxe1 Ka7
23.bxc5 bxc5 24.Bf2 g6 25.Bd4 Rg8 26.Bf6 Bg7 27.Bxg7 Rxg7 28.Qe7 Rg8 29.Qxf7 Rd8
30.Bh3 Kb8 31.Qxh7 Qa5 32.Rb3+ Kc8 33.Bxd7+ Rxd7 34.Qg8+ Rd8 35.Qe6+ Kc7
36.Qe7+ Rd7 37.Qe8  1-0

[Event "10th EICC"]
[Site "Budva MNE"]
[Date "2009.03.10"]
[Round "5"]
[White "Van Eijk,S"]
[Black "Nestorovic,L"]
[Result "1-0"]
[WhiteElo "2355"]
[BlackElo "2207"]

1.e4 c5 2.Nf3 e6 3.Nc3 a6 4.d4 cxd4 5.Nxd4 d6 6.Bc4 Nf6 7.O-O Be7 8.Bb3 O-O
9.f4 Nc6 10.Kh1 Bd7 11.f5 Nxd4 12.Qxd4 Kh8 13.Bg5 Qc7 14.Rad1 b5 15.a3 a5
16.Qd3 Qc5 17.e5 Qxe5 18.Rfe1 Qc5 19.Bxf6 Bxf6 20.Qxd6 Qxd6 21.Rxd6 Bxc3
22.bxc3 Bc8 23.fxe6 Bxe6 24.Bxe6 fxe6 25.Rdxe6 Rac8 26.R6e3 Kg8 27.h3 Rc7
28.Rb1 Rf5 29.Kg1 Rfc5 30.Rd3 h6 31.Kh2 Re7 32.Rg3 Rec7 33.Rf3 Re7 34.Rg3 Rec7
35.Rb3 Re7 36.Rg4 Rec7 37.c4 bxc4 38.Rc3 Kf7 39.Re4 Kf6 40.Kg3 Kf5 41.Kf3 Kf6
42.g4 R7c6 43.h4 Rc7 44.Rce3 R7c6 45.Rf4+ Kg6 46.Rd4 h5 47.g5 Rb5 48.Rc3 Rf5+
49.Rf4 Rfc5 50.Ke2 Re6+ 51.Re3 Rd6 52.Ree4 Rdc6 53.Kd2 c3+ 54.Kd3 Rd5+ 55.Rd4 Rdc5
56.a4 Re5 57.Rc4 Rd6+ 58.Rfd4 Rb6 59.Kxc3 Re3+ 60.Rd3 Re5 61.Rd7 Re3+ 62.Kd2 Rh3
63.Rd3 Rh2+ 64.Kc3 Re6 65.Rd5 Re3+ 66.Kb2 Reh3 67.Rd6+ Kf5 68.Rc5+ Ke4 69.Rxa5 Rxh4
70.Rb5 Rf4 71.a5 Rf8 72.Rc6 h4 73.a6 Ra8 74.Rc4+ Kf3 75.Ra4 h3 76.Rb3+ Kf2
77.a7 Rg2 78.Rb8 Rxa7 79.Rxa7 Rxg5 80.Rh8 Rg3 81.Ra3 g5 82.Rxh3  1-0

[Event "10th EICC"]
[Site "Budva MNE"]
[Date "2009.03.10"]
[Round "5"]
[White "Talla,V"]
[Black "Cvitan,O"]
[Result "1/2-1/2"]
[WhiteElo "2407"]
[BlackElo "2542"]

1.e4 c5 2.Nf3 e6 3.d4 cxd4 4.Nxd4 a6 5.Nc3 d6 6.Bd3 Nf6 7.f4 b5 8.Qf3 Bb7
9.g4 Nfd7 10.g5 g6 11.Be3 b4 12.Nce2  1/2-1/2

[Event "10th EICC w"]
[Site "St Petersburg RUS"]
[Date "2009.03.10"]
[Round "3"]
[White "Lezhepekova,V"]
[Black "Kursova,M"]
[Result "1-0"]
[WhiteElo "1917"]
[BlackElo "2268"]

1.e4 c5 2.Nf3 e6 3.d4 cxd4 4.Nxd4 a6 5.Nc3 b5 6.Bd3 Bb7 7.O-O Qc7 8.Be3 Nf6
9.f3 Bc5 10.Bf2 O-O 11.Qe2 d6 12.Nb3 Bxf2+ 13.Qxf2 Nbd7 14.Rfe1 Rac8 15.Rad1 Nb6
16.Rd2 Nfd7 17.f4 Nc4 18.Bxc4 bxc4 19.Nd4 Qb6 20.Na4 Qb4 21.b3 cxb3 22.axb3 Nf6
23.c3 Qa5 24.Rde2 d5 25.exd5 Bxd5 26.Ra2 Qc7 27.c4 Bb7 28.Qe3 Rfd8 29.Nf3 Ng4
30.Qb6 Qe7 31.Ne5 Qh4 32.g3 Qe7 33.Nxg4 Rd3 34.Ne5 Rd6 35.Qe3 Ba8 36.c5 Qb7
37.Qf3 Qa7 38.Qe3 Qb7 39.Nf3 Rdc6 40.Nb6 Rxc5 41.Nxc8 Rxc8 42.Kf2  1-0

[Event "10th EICC"]
[Site "Budva MNE"]
[Date "2009.03.11"]
[Round "6"]
[White "Maze,S"]
[Black "D'Costa,L"]
[Result "0-1"]
[WhiteElo "2579"]
[BlackElo "2445"]

1.e4 c5 2.Nf3 e6 3.d4 cxd4 4.Nxd4 a6 5.Nc3 Qc7 6.Be2 Nf6 7.O-O Bb4 8.Qd3 O-O
9.Bg5 Nc6 10.Bxf6 gxf6 11.Kh1 Kh8 12.f4 Rg8 13.Rad1 Be7 14.Bh5 Rg7 15.Nce2 b5
16.Nxc6 dxc6 17.Bf3 Rg8 18.e5 f5 19.c4 Rd8 20.Qc3 b4 21.Qc2 Bb7 22.c5 Qa5
23.Rd6 Qxa2 24.Nc1 Qa5 25.Nb3 Qc7 26.Nd4 a5 27.Qa4 Bxd6 28.exd6 Qd7 29.b3 Rdc8
30.Re1 Rg8 31.Qa1 Rg7 32.h4 Qd8 33.g3 Qf6 34.Kh2 Rag8 35.Ne2 Qh6 36.h5 f6
37.Rg1 Ba6 38.Qb2 Bd3 39.Nd4 Rg4 40.Bxg4 Rxg4 41.Nf3 Be4 42.Kg2 Rg7 43.Kf2 Qxh5
44.Nh4 e5 45.fxe5 f4 46.Qd4 fxg3+ 47.Ke1 Qxh4 48.e6 g2+ 49.Kd2 Qg5+ 50.Ke1 Qc1+
51.Ke2 Qc2+ 52.Ke1 Bd3 53.Qe3 Qb1+ 54.Kd2 Qc2+ 55.Ke1 Qc3+ 56.Kf2 Qc2+ 57.Kf3 Bf1
58.Kf4 Rg5 59.Kf3 Qf5+ 60.Qf4 Qd3+  0-1

[Event "10th EICC w"]
[Site "St Petersburg RUS"]
[Date "2009.03.11"]
[Round "4"]
[White "Umudova,N"]
[Black "Vasilevich,I"]
[Result "0-1"]
[WhiteElo "2227"]
[BlackElo "2340"]

1.e4 c5 2.Nf3 e6 3.d4 cxd4 4.Nxd4 a6 5.Nc3 Qc7 6.Bd3 Nc6 7.Nxc6 bxc6 8.O-O Nf6
9.Qe2 d5 10.b3 Be7 11.f4 O-O 12.e5 Nd7 13.Na4 g6 14.c4 Nb6 15.Nxb6 Qxb6+
16.Be3 d4 17.Bf2 a5 18.h4 a4 19.Rab1 axb3 20.Rxb3 Qa7 21.Be4 Qxa2 22.Qd1 Ba6
23.Qd3 Rab8 24.Rxb8 Rxb8 25.Qxd4 Bxc4 26.Rc1 Bd5 27.Bxd5 cxd5 28.Rc7 Bd8
29.Rc6 Rb1+ 30.Kh2 Rb2 31.Kg1 Bxh4 32.Rc8+ Kg7 33.g3 Bxg3  0-1

[Event "10th EICC w"]
[Site "St Petersburg RUS"]
[Date "2009.03.13"]
[Round "6"]
[White "Bezgodova,S"]
[Black "Abdulla,K"]
[Result "1-0"]
[WhiteElo "2214"]
[BlackElo "2070"]

1.e4 c5 2.Nf3 e6 3.d4 cxd4 4.Nxd4 a6 5.Nc3 Qc7 6.Bd3 Nf6 7.O-O Nc6 8.Be3 Ne5
9.h3 Bc5 10.Kh1 d6 11.f4 Ng6 12.Qe1 O-O 13.f5 Ne5 14.Qg3 Kh8 15.Nce2 Nxd3
16.cxd3 e5 17.Nb3 Bxe3 18.Qxe3 d5 19.Rac1 Qd6 20.exd5 Nxd5 21.Qg3 Re8 22.d4 f6
23.Rcd1 Qb6 24.Qf3 e4 25.Qh5 Bd7 26.Nc5 Bb5 27.Rde1 Ne3 28.Rf4 Nc2 29.Rh4 h6
30.Nf4 Kg8 31.Nce6 Bc4 32.Rxe4 Qc6 33.Rg4 Re7 34.Qxh6 Qd7 35.Nh5 Bxe6 36.Nxf6+  1-0

[Event "10th EICC"]
[Site "Budva MNE"]
[Date "2009.03.14"]
[Round "8"]
[White "Brkic,A"]
[Black "Berg,E"]
[Result "1-0"]
[WhiteElo "2550"]
[BlackElo "2606"]

1.e4 c5 2.Nf3 e6 3.d4 cxd4 4.Nxd4 a6 5.Nc3 Qc7 6.Qf3 Nc6 7.Nxc6 dxc6 8.Bd3 Nf6
9.O-O Bd6 10.h3 b5 11.a4 Bb7 12.Bg5 Be5 13.Qe2 h6 14.Be3 g5 15.Ra2 Rc8 16.Nb1 c5
17.axb5 c4 18.bxa6 Ba8 19.Nd2 cxd3 20.cxd3 Qc2 21.Ra5 Qxb2 22.Rb1 Qc3 23.Rxe5 Qxe5
24.Nf3 Qd6 25.Bd4 e5 26.Bxe5 Qxa6 27.Qe3 O-O 28.Rb6 Qa7 29.Bxf6 Rc6 30.Bd4 Rxb6
31.Bxb6 Qa1+ 32.Kh2 Rc8 33.h4 g4 34.Nd4 Qc1 35.Qg3 Qd1 36.Nf5 Kh7 37.Qe5 Rg8
38.Qf6 g3+ 39.fxg3 Qh5 40.Ne7 Rf8 41.Be3 Rd8 42.Bd4  1-0

[Event "10th EICC"]
[Site "Budva MNE"]
[Date "2009.03.15"]
[Round "9"]
[White "Wieczorek,O"]
[Black "Chibukhchian,A"]
[Result "1/2-1/2"]
[WhiteElo "2265"]
[BlackElo "2444"]

1.e4 c5 2.Nf3 e6 3.d4 cxd4 4.Nxd4 a6 5.Nc3 Qc7 6.Be2 Nf6 7.O-O Nc6 8.Be3 Bb4
9.Na4 Be7 10.Nxc6 bxc6 11.Nb6 Rb8 12.Nxc8 Rxc8 13.Bxa6 Rb8 14.Bd3 Rxb2 15.Bd4 Rb8
16.e5 Nd5 17.c4 Nb4 18.Be4 O-O 19.f4 g6 20.Kh1 f5 21.Bf3 Na6 22.Qd2 Bc5 23.Rab1 Qa7
24.Bg1 Bxg1 25.Rxg1 Rxb1 26.Rxb1 Nc5 27.h3 Ra8 28.Qd6 Ne4 29.Bxe4 fxe4 30.a3 Rf8
31.g3 Kg7 32.Kg2 Rf7 33.Re1 Qa4 34.Rxe4 Qc2+ 35.Kf3 Qh2 36.Qd1 Qxh3 37.Rd4 g5
38.Rxd7 g4+ 39.Kf2 Qh2+ 40.Kf1 Qh1+ 41.Kf2 Qh2+ 42.Kf1  1/2-1/2

[Event "10th EICC"]
[Site "Budva MNE"]
[Date "2009.03.16"]
[Round "10"]
[White "Jovanovic,Zo CRO"]
[Black "Kurmann,O"]
[Result "1-0"]
[WhiteElo "2558"]
[BlackElo "2415"]

1.e4 c5 2.Nc3 e6 3.Nf3 a6 4.d4 cxd4 5.Nxd4 Nc6 6.f4 Nxd4 7.Qxd4 Qc7 8.Be3 b5
9.O-O-O Bb7 10.Bd3 Rc8 11.Kb1 Nf6 12.e5 Ng4 13.Ne4 Bxe4 14.Bxe4 Nxe3 15.Qxe3 Rd8
16.Rd3 d5 17.exd6 Bxd6 18.f5 exf5 19.Bxf5+ Qe7 20.Qb6 O-O 21.Rhd1 Bc7 22.Qxa6 Qc5
23.Bd7 b4 24.Qb5 Qe7 25.h3 g6 26.Rd5 Qe4 27.Qc5 Bg3 28.R5d3 Bh2 29.Qd5 Qf4
30.Rd4 Qb8 31.Qc5 Qb7 32.Qc6 Qb8 33.h4 Be5 34.R4d3 Qa7 35.Qd5 Bg7 36.h5 Ra8
37.Bc6 Rac8 38.Bd7 Rc5 39.Qb3 Rxh5 40.Bc6 Qc5 41.Bf3 Rh4 42.Qd5 Qf2 43.R3d2 Qe3
44.Qd6 Qg5 45.Rd5 Qe3 46.Qe5 Qf4 47.Qe7 Qc4 48.Rd8 Rf4 49.Be2 Qe4 50.Qxe4 Rxe4
51.Bf3 Rf4 52.a4 bxa3 53.bxa3 Ra4 54.Ka2 Rxd8 55.Rxd8+ Bf8 56.Rd3 h5 57.Kb2 Ra6
58.Rb3 Kg7 59.Bb7 Ra7 60.Bc6 Rc7 61.Bb5 h4 62.a4 Bc5 63.a5 f5 64.Rd3 Kf6
65.Kb3 g5 66.Rd5 Bg1 67.a6 g4 68.Bd3 Rc5 69.a7 Rc8 70.Rxf5+ Ke7 71.Rg5 Bxa7
72.Rg7+ Kf6 73.Rxa7 Rg8 74.Ra5 Rg5 75.Rxg5 Kxg5 76.Bb5  1-0

[Event "10th EICC"]
[Site "Budva MNE"]
[Date "2009.03.16"]
[Round "10"]
[White "Ketzetzis,G"]
[Black "Panic,Ne"]
[Result "1-0"]
[WhiteElo "2243"]
[BlackElo "2407"]

1.e4 c5 2.Nf3 e6 3.d4 cxd4 4.Nxd4 a6 5.Nc3 Qc7 6.Bd3 Nf6 7.O-O b5 8.Qe2 d6
9.f4 b4 10.Na4 Bd7 11.e5 Nd5 12.c4 bxc3 13.Nxc3 Nxc3 14.bxc3 g6 15.f5 gxf5
16.Rxf5 dxe5 17.Rxf7 Kxf7 18.Bg5 Bg7 19.Rf1+ Kg8 20.Qh5 Bb5 21.Bxb5 Nc6 22.Nxc6 h6
23.Ne7+ Qxe7 24.Bxe7 axb5 25.Qg6 Rh7 26.Rf7 Ra7 27.Rf8+  1-0

[Event "10th EICC w"]
[Site "St Petersburg RUS"]
[Date "2009.03.17"]
[Round "9"]
[White "Lomako,A"]
[Black "Minina,V"]
[Result "1-0"]
[WhiteElo "2277"]
[BlackElo "2125"]

1.e4 c5 2.Nc3 a6 3.Nf3 e6 4.d4 cxd4 5.Nxd4 b5 6.Bd3 Qb6 7.Nb3 Qc7 8.O-O Nf6
9.Bg5 Be7 10.f4 b4 11.Nb1 Bb7 12.e5 Nd5 13.Bxe7 Kxe7 14.Be4 Ne3 15.Qd6+ Qxd6
16.exd6+ Kxd6 17.Bxb7 Ra7 18.Be4 Nxf1 19.Kxf1 Ke7 20.Na5 d5 21.Bd3 h6 22.a3 bxa3
23.Rxa3 g5 24.f5 e5 25.Nc3 Rd7 26.Rb3 e4 27.Be2 Kf6 28.g4 Re8 29.Rb6+ Kg7
30.Nb3 Rdd8 31.Nd4 Nd7 32.Rxa6 Nf6 33.Ra7 Ra8 34.Rc7 Reb8 35.Ncb5 Rb6 36.h3 Ra1+
37.Kf2 Rh1 38.c4 Rb8 39.Nd6 Ne8 40.Rxf7+ Kg8 41.Rb7 Rxb7 42.Nxb7 Rh2+  1-0

[Event "TCh-AUT 1st Bundesliga 2008-9"]
[Site "Ansfelden AUT"]
[Date "2009.03.19"]
[Round "8"]
[White "Wittmann,W"]
[Black "Jurkovic,H"]
[Result "1/2-1/2"]
[WhiteElo "2269"]
[BlackElo "2405"]

1.e4 c5 2.Nf3 e6 3.d4 cxd4 4.Nxd4 a6 5.Nc3 Qc7 6.Bd3 Nc6 7.Nxc6 bxc6 8.O-O Nf6
9.Qe2 d5 10.f4 Bb7 11.e5 Nd7 12.Na4 c5 13.c4 d4 14.Be4 Be7 15.b3 O-O 16.Bd2 Rae8
17.Nb2 f5 18.exf6 Bxf6 19.Nd3 e5 20.f5 Be7 21.Nf2 Bxe4 22.Nxe4  1/2-1/2

[Event "TCh-AUT 1st Bundesliga 2008-9"]
[Site "Ansfelden AUT"]
[Date "2009.03.19"]
[Round "8"]
[White "Polzin,R"]
[Black "Korneev,O"]
[Result "1-0"]
[WhiteElo "2500"]
[BlackElo "2613"]

1.e4 c5 2.Nf3 e6 3.d4 cxd4 4.Nxd4 a6 5.Nc3 Qc7 6.Be2 b5 7.O-O Bb7 8.Re1 Nc6
9.Nxc6 dxc6 10.e5 Rd8 11.Bd3 c5 12.Qe2 Ne7 13.a4 b4 14.Ne4 Qc6 15.Qh5 Nf5
16.Bg5 Rd4 17.Rad1 h6 18.c3 bxc3 19.bxc3 Rd7 20.Bc2 Rxd1 21.Rxd1 Be7 22.Bxe7 Kxe7
23.g4 g6 24.Qh3 Rg8 25.Kf1 Rd8 26.Rxd8 Kxd8 27.gxf5 exf5 28.Qd3+ Kc8 29.Nd6+ Kc7
30.Nxb7 Kxb7 31.Bb3 Qc7 32.Qd6 Qxd6 33.exd6 Kc6 34.Bxf7 g5 35.a5  1-0

[Event "10th EICC w"]
[Site "St Petersburg RUS"]
[Date "2009.03.19"]
[Round "11"]
[White "Komiagina,M"]
[Black "Arabidze,M"]
[Result "0-1"]
[WhiteElo "2283"]
[BlackElo "2246"]

1.e4 c5 2.Nf3 e6 3.d4 cxd4 4.Nxd4 a6 5.Nc3 Qc7 6.Bd3 Nf6 7.Qe2 d6 8.f4 Nbd7
9.O-O b5 10.a3 Bb7 11.Bd2 Be7 12.Rae1 Qc5 13.Be3 Qh5 14.Qxh5 Nxh5 15.g4 Nhf6
16.g5 Ng8 17.f5 e5 18.Nf3 Bd8 19.Kg2 Rc8 20.Rd1 Nc5 21.h4 f6 22.Rf2 Ne7 23.Kh3 Kf7
24.h5 Nxd3 25.Rxd3 Rxc3 26.Rxc3 Bxe4 27.Nh4 Nd5 28.g6+ hxg6 29.fxg6+ Ke6
30.h6 gxh6 31.g7 Rg8 32.Rc8 Nxe3 33.Re2 Bf5+ 34.Kh2 Ng4+ 35.Kg3 h5 36.Rd2 Be4
37.a4 Kd7 38.Rxd8+ Rxd8 39.axb5 axb5 40.Re2 Bh7 41.b3 Rg8 42.c4 bxc4 43.bxc4 Rxg7
44.Ra2 Ke6 45.Kf3 Nh6 46.Ra8 Nf5 47.Re8+ Re7  0-1

[Event "10th EICC w"]
[Site "St Petersburg RUS"]
[Date "2009.03.19"]
[Round "11"]
[White "Korchagina,V"]
[Black "Ni,V"]
[Result "0-1"]
[WhiteElo "2187"]
[BlackElo "2150"]

1.e4 c5 2.Nf3 e6 3.d4 cxd4 4.Nxd4 a6 5.Nc3 Qc7 6.Be2 b5 7.O-O Bb7 8.Re1 Nc6
9.Nxc6 dxc6 10.e5 Rd8 11.Bd3 c5 12.Qh5 g6 13.Qh3 Bg7 14.Bf4 Ne7 15.Bxb5+ axb5
16.Nxb5 Qc6 17.Nd6+ Rxd6 18.exd6 Nf5 19.Rad1 O-O 20.c3 Rd8 21.f3 Bf6 22.Re2 Qa4
23.Red2 Qxf4 24.Qg4 Qe3+ 25.Kh1 Qh6  0-1

[Event "Open A"]
[Site "Zagreb CRO"]
[Date "2009.03.21"]
[Round "1"]
[White "Armanda,I"]
[Black "Kovacevic,Bl"]
[Result "1/2-1/2"]
[WhiteElo "2326"]
[BlackElo "2457"]

1.e4 c5 2.Nf3 e6 3.d4 cxd4 4.Nxd4 a6 5.Nc3 Qc7 6.Be2 b5 7.O-O Bb7 8.Re1 Nc6
9.Bf1 Nf6 10.Nxc6 dxc6 11.e5 Rd8 12.Qf3 c5 13.Qg3 b4 14.exf6 Qxg3 15.hxg3 bxc3
16.bxc3 gxf6 17.Rb1 Bc8 18.Be3 Be7 19.Rb6 Rd6 20.Bxc5 Rxb6 21.Bxb6 Kd7 22.a4 Bb7
23.Rb1 Kc8 24.c4 Rg8 25.Be3 Rd8 26.Be2 Rd7 27.f3 Rc7 28.Kf2 Bc5 29.Rh1 Bxe3+
30.Kxe3 a5 31.Rxh7 Bc6 32.Rh5 f5 33.Rh1 Rb7 34.Rh8+ Kc7 35.Rf8 Kb6 36.Kd4 Rd7+
37.Kc3 Bxa4 38.Ra8 Rc7 39.Rb8+ Kc5 40.Ra8 Kb6 41.Bd3 Ra7 42.c5+ Kb7 43.Rxa7+ Kxa7
44.g4 fxg4 45.fxg4 f6 46.Be4 Kb8 47.g3 Kc7 48.Kc4 Bc6 49.Bg6 e5 50.Bh7 Bf3
51.Bf5 a4 52.c3 a3 53.Bb1 e4 54.Kd4 Kc6 55.Ba2 Bxg4 56.Kxe4 Kxc5 57.Kd3 Bd1
58.Bf7 Ba4 59.Kd2 Bb5 60.Kc1 Bc4 61.Bg6 Bb3 62.Bd3 Kd5 63.Kb1 Ke5 64.Ka1 Kd5
65.Kb1 Bc4 66.Bh7 Ke5 67.Ka1 Bd5 68.Bg6 Be6 69.Bc2  1/2-1/2

[Event "25th Spring Festival"]
[Site "Budapest HUN"]
[Date "2009.03.22"]
[Round "3"]
[White "Mester,A"]
[Black "Corke,A"]
[Result "1/2-1/2"]
[WhiteElo "2116"]
[BlackElo "2260"]

1.e4 c5 2.Nf3 e6 3.d4 cxd4 4.Nxd4 a6 5.Nc3 Qc7 6.g3 Nf6 7.Bg2 Nc6 8.O-O Be7
9.Be3 O-O 10.f4 d6 11.a4 Bd7 12.Nb3 Na5 13.Nxa5 Qxa5 14.Kh1 Bc6 15.Qd2 Qc7
16.a5 Nd7 17.Qf2 f5 18.Rfd1 fxe4 19.Nxe4 Rac8 20.Qd2 Bd5 21.c3 Kh8 22.Qe2 Qc6
23.Nd2 Nf6 24.Bd4 e5 25.fxe5 dxe5 26.Bxe5 Rce8 27.Bxf6 Bxf6 28.Bxd5 Qxd5+
29.Qg2 Qxg2+ 30.Kxg2 Re2+  1/2-1/2